000 00594nam a22001937a 4500
003 OSt
005 20251023075153.0
008 251023b |||||||| |||| 00| 0 eng d
020 _a978-81-7245-476-0.
040 _aDWC-Main Lib.
_cOC
082 _aCirc. 721.832 G657 2011
245 _aGoodwill's designer staircase railings/
260 _aNew Delhi :
_bGoodwill Pub. , House,
_cc[2011].
300 _a80 p. :
_bill. ;
_c25 cm.
501 _aMore than 150 designs.
650 _a1. Architectural design--Stairs.
650 _a2. Stairs--Design.
942 _2ddc
_cBK-CIRC
_hCirc.
_n0
999 _c5067
_d5067